| 000 | nam a22 7a 4500 | ||
|---|---|---|---|
| 999 |
_c127250 _d127250 |
||
| 008 | 171121b xxu||||| |||| 00| 0 eng d | ||
| 050 | _aB-121-1 | ||
| 100 |
_aCardinal, Daniel _937634 |
||
| 245 |
_aEpistemology _bthe theory of knowledge _cDaniel Cardinal, Jeremy Hayward and Gerald Jones |
||
| 260 |
_aLondon _bJohn Murray _c2004 |
||
| 300 |
_aiv, 156p. ; _c25cm. |
||
| 942 |
_2lcc _cMONOGRAPH |
||